000 00501nam a2200193 a 4500
001 BRCA_7141
005 20190320205728.0
008 110112s1924----gw-a######---#000-0#ger-#
041 _ager
044 _agw
050 4 _aDT92.7
_bS82 1924
245 1 0 _aKleopatra
_cHenrich Stadelmann.
260 _aDresden, Alemania
_bP. Aretz
_cc1924
300 _a299 p.
_bil., 14 láminas
_c19 cm.
500 _aP30
650 1 4 _aCleopatra, Reina de Egipto
_ym. 30 A.C.
_917730
902 _aGFM
942 _2lcc
_cB
999 _c6822
_d6822